<?xml version="1.0" encoding="UTF-8"?><?xml-stylesheet type="text/xsl" href="static/style.xsl"?><OAI-PMH xmlns="http://www.openarchives.org/OAI/2.0/" xmlns:xsi="http://www.w3.org/2001/XMLSchema-instance" xsi:schemaLocation="http://www.openarchives.org/OAI/2.0/ http://www.openarchives.org/OAI/2.0/OAI-PMH.xsd"><responseDate>2026-06-01T09:17:20Z</responseDate><request verb="GetRecord" identifier="oai:riuma.uma.es:10630/34795" metadataPrefix="marc">https://riuma.uma.es/rest/oai/request</request><GetRecord><record><header><identifier>oai:riuma.uma.es:10630/34795</identifier><datestamp>2026-02-03T11:35:24Z</datestamp><setSpec>com_10630_2254</setSpec><setSpec>col_10630_37953</setSpec></header><metadata><record xmlns="http://www.loc.gov/MARC21/slim" xmlns:dcterms="http://purl.org/dc/terms/" xmlns:doc="http://www.lyncode.com/xoai" xmlns:xsi="http://www.w3.org/2001/XMLSchema-instance" xsi:schemaLocation="http://www.loc.gov/MARC21/slim http://www.loc.gov/standards/marcxml/schema/MARC21slim.xsd">
   <leader>00925njm 22002777a 4500</leader>
   <datafield ind2=" " ind1=" " tag="042">
      <subfield code="a">dc</subfield>
   </datafield>
   <datafield ind2=" " ind1=" " tag="720">
      <subfield code="a">Aguirre-Gómez, José Ángel</subfield>
      <subfield code="e">author</subfield>
   </datafield>
   <datafield ind2=" " ind1=" " tag="720">
      <subfield code="a">Leo, Giuseppina</subfield>
      <subfield code="e">author</subfield>
   </datafield>
   <datafield ind2=" " ind1=" " tag="720">
      <subfield code="a">Cueto-Galán, Raquel</subfield>
      <subfield code="e">author</subfield>
   </datafield>
   <datafield ind2=" " ind1=" " tag="720">
      <subfield code="a">Andbjer, Beth</subfield>
      <subfield code="e">author</subfield>
   </datafield>
   <datafield ind2=" " ind1=" " tag="720">
      <subfield code="a">Naylor, Alan</subfield>
      <subfield code="e">author</subfield>
   </datafield>
   <datafield ind2=" " ind1=" " tag="720">
      <subfield code="a">Medhurst, Andrew D</subfield>
      <subfield code="e">author</subfield>
   </datafield>
   <datafield ind2=" " ind1=" " tag="720">
      <subfield code="a">Agnati, Luigi F.</subfield>
      <subfield code="e">author</subfield>
   </datafield>
   <datafield ind2=" " ind1=" " tag="720">
      <subfield code="a">Fuxe, Kjell</subfield>
      <subfield code="e">author</subfield>
   </datafield>
   <datafield ind2=" " ind1=" " tag="260">
      <subfield code="c">2008</subfield>
   </datafield>
   <datafield ind2=" " ind1=" " tag="520">
      <subfield code="a">En este articulo se estudió el posible papel neuroprotector de un inhibidor novedoso y altamente selectivo de la ciclooxigenasa-2, GW637185X, en un modelo de lesión aguda inducida por 1-metil-4-fenil-1,2,3,6-tetrahidropiridina (MPTP) en neuronas dopaminérgicas (DA) nigroestriatales en el ratón. El análisis estereológico y microdensitométrico de los cuerpos celulares nigral inmunorreactivos a la tirosina hidroxilasa y de las terminales inmunorreactivas a la tirosina hidroxilasa en el estriado, respectivamente, mostró que GW637185X ejerció una protección completa contra la degeneración inducida por MPTP en la vía nigroestriatal. En contraste con estudios anteriores, estos hallazgos demuestran que la inhibición aguda de la ciclooxigenasa-2 puede tener un efecto neuroprotector completo, no solo en los cuerpos celulares DA de la sustancia negra, sino también en las terminales DA del estriado en el modelo de MPTP en ratones.</subfield>
   </datafield>
   <datafield ind1="8" ind2=" " tag="024">
      <subfield code="a">Aguirre JA, Leo G, Cueto R, Andbjer B, Naylor A, Medhurst AD, Agnati LF, Fuxe K. The novel cyclooxygenase-2 inhibitor GW637185X protects against l-methyl-4-phenyl-1,2,3,6-tetrahydropyridine toxicity. Neuroreport. 2008 Apr 16;19(6):657-60</subfield>
   </datafield>
   <datafield ind1="8" ind2=" " tag="024">
      <subfield code="a">0959-4965</subfield>
   </datafield>
   <datafield ind1="8" ind2=" " tag="024">
      <subfield code="a">PMID: 18382281</subfield>
   </datafield>
   <datafield ind1="8" ind2=" " tag="024">
      <subfield code="a">https://hdl.handle.net/10630/34795</subfield>
   </datafield>
   <datafield ind1="8" ind2=" " tag="024">
      <subfield code="a">10.1097/WNR.0b013e3282fb7898</subfield>
   </datafield>
   <datafield tag="653" ind2=" " ind1=" ">
      <subfield code="a">Parkinson, Enfermedad de - Modelos animales</subfield>
   </datafield>
   <datafield ind2="0" ind1="0" tag="245">
      <subfield code="a">The novel cyclooxygenase-2 inhibitor GW637185X protects against 1-methyl-4-phenyl-1,2,3,6-tetrahydropyridine toxicity.</subfield>
   </datafield>
</record>
</metadata></record></GetRecord></OAI-PMH>